Sofi paints her dreams / (Record no. 384835)
[ view plain ]
| 000 -LEADER | |
|---|---|
| fixed length control field | 01891cam a2200409 i 4500 |
| 001 - CONTROL NUMBER | |
| control field | 20642144 |
| 005 - DATE AND TIME OF LATEST TRANSACTION | |
| control field | 20230602144332.0 |
| 008 - FIXED-LENGTH DATA ELEMENTS--GENERAL INFORMATION | |
| fixed length control field | 180823s2019 txua b 000 1 eng |
| 010 ## - LIBRARY OF CONGRESS CONTROL NUMBER | |
| LC control number | 2018035116 |
| 020 ## - INTERNATIONAL STANDARD BOOK NUMBER | |
| International Standard Book Number | 9781558858831 |
| Qualifying information | (alk. paper) |
| 040 ## - CATALOGING SOURCE | |
| Original cataloging agency | DLC |
| Language of cataloging | eng |
| Transcribing agency | DLC |
| Description conventions | rda |
| Modifying agency | DLC |
| 041 1# - LANGUAGE CODE | |
| Language code of text/sound track or separate title | eng |
| -- | spa |
| 042 ## - AUTHENTICATION CODE | |
| Authentication code | pcc |
| -- | lcac |
| 050 00 - LIBRARY OF CONGRESS CALL NUMBER | |
| Classification number | PZ73 |
| Item number | .O7175 2019 |
| 082 00 - DEWEY DECIMAL CLASSIFICATION NUMBER | |
| Classification number | [E] |
| Edition number | 23 |
| 092 ## - LOCALLY ASSIGNED DEWEY CALL NUMBER (OCLC) | |
| Classification number | children picture book - Spanish |
| Item number | Ortiz |
| 100 1# - MAIN ENTRY--PERSONAL NAME | |
| Personal name | Ortiz, Raquel M., |
| Relator term | author. |
| 9 (RLIN) | 6468340 |
| 245 10 - TITLE STATEMENT | |
| Title | Sofi paints her dreams / |
| Statement of responsibility, etc | by Raquel M. Ortiz ; illustration by Roberta Collier Morales = Sofi pinta sus suenos / por Raquel M. Ortiz ; ilustraciones de Roberta Collier Morales. |
| 246 31 - VARYING FORM OF TITLE | |
| Title proper/short title | Sofi pinta sus suenos |
| 264 #1 - Production, Publication, Distribution, Manufacture, and Copyright Notice. | |
| Place of production, publication, distribution, manufacture | Houston, Texas : |
| Name of producer, publisher, distributor, manufacturer | Pinata Books/Arte Publico Press, |
| Date of production, publication, distribution, manufacture, or copyr | [2019] |
| 300 ## - PHYSICAL DESCRIPTION | |
| Extent | 1 volume (unpaged) : |
| Other physical details | color illustrations ; |
| Dimensions | 23 x 29 cm |
| 336 ## - Content Type | |
| Content type term | text |
| 336 ## - Content Type | |
| Content type term | still image |
| 337 ## - Media type | |
| Media type term | unmediated |
| 338 ## - Carrier type | |
| Carrier type term | volume |
| 520 ## - SUMMARY, ETC. | |
| Summary, etc | After a bad school day, Sofi is transported from a New York City community garden to the Dominican Republic and Haiti, and helps composer Juan Luis and artist Guerlande. |
| 546 ## - LANGUAGE NOTE | |
| Language note | In English and Spanish. |
| 650 #1 - SUBJECT ADDED ENTRY--TOPICAL TERM | |
| Topical term or geographic name as entry element | Space and time |
| Form subdivision | Fiction. |
| 9 (RLIN) | 5688093 |
| 650 #1 - SUBJECT ADDED ENTRY--TOPICAL TERM | |
| Topical term or geographic name as entry element | Composers |
| Form subdivision | Fiction. |
| 9 (RLIN) | 5715591 |
| 650 #1 - SUBJECT ADDED ENTRY--TOPICAL TERM | |
| Topical term or geographic name as entry element | Artists |
| Form subdivision | Fiction. |
| 9 (RLIN) | 5673990 |
| 650 #1 - SUBJECT ADDED ENTRY--TOPICAL TERM | |
| Topical term or geographic name as entry element | Croix des Bouquets (Haiti) |
| General subdivision | History |
| Form subdivision | Fiction. |
| 9 (RLIN) | 6468341 |
| 650 #1 - SUBJECT ADDED ENTRY--TOPICAL TERM | |
| Topical term or geographic name as entry element | Spanish language materials |
| General subdivision | Bilingual. |
| 9 (RLIN) | 102597 |
| 651 #1 - SUBJECT ADDED ENTRY--GEOGRAPHIC NAME | |
| Geographic name | San Pedro de Macorís (Dominican Republic) |
| General subdivision | History |
| Form subdivision | Fiction. |
| 9 (RLIN) | 6468342 |
| 700 1# - ADDED ENTRY--PERSONAL NAME | |
| Personal name | Morales, Roberta Collier, |
| Relator term | illustrator. |
| 9 (RLIN) | 6468343 |
| 776 08 - ADDITIONAL PHYSICAL FORM ENTRY | |
| Display text | Online version: |
| Main entry heading | Ortiz, Raquel M., author. |
| Title | Sofi paints her dreams |
| Place, publisher, and date of publication | Houston, TX : Pinata Books, an imprint of Arte Publico Press, [2019] |
| International Standard Book Number | 9781518505805 |
| Record control number | (DLC) 2018040863 |
| 942 ## - ADDED ENTRY ELEMENTS (KOHA) | |
| Source of classification or shelving scheme | Dewey Decimal Classification |
| Koha item type | BOOK |
| Withdrawn status | Lost status | Source of classification or shelving scheme | Damaged status | Not for loan | Collection code | Home library | Current library | Shelving location | Date acquired | Source of acquisition | Total Checkouts | Total Renewals | Full call number | Barcode | Date last seen | Date checked out | Cost, replacement price | Price effective from | Koha item type |
|---|---|---|---|---|---|---|---|---|---|---|---|---|---|---|---|---|---|---|---|
| Dewey Decimal Classification | Spanish Children Picture Book | Wasatch County Library | Wasatch County Library | First Floor | 06/02/2023 | Amazon | 4 | 6 | E Ortiz | 34301002018507 | 10/01/2025 | 07/28/2025 | 18.95 | 06/02/2023 | BOOK |
